000 00295nam a22001337a 4500
008 180212b xxu||||| |||| 00| 0 eng d
020 _a069068052-X
041 _aeng
080 _a37
100 _a47
101 _aEDU
245 _aFocusing on language a reader
_cAllen,H.B
942 _2udc
_cBK
999 _c42301
_d42301